| 000 | 00671nam a2200229 a 4500 | ||
|---|---|---|---|
| 001 | 13618 | ||
| 003 | BD-JhCC | ||
| 005 | 20240304123149.0 | ||
| 008 | 171128s2016 bg |||| ||a| 000 0 ben d | ||
| 020 | _a9789849184850 | ||
| 035 | _a(BD-JhCC)13618 | ||
| 040 |
_aBD-JhCC _dBD-JhCC |
||
| 041 | _abengali | ||
| 082 |
_a891.4435 _bROS 2016 |
||
| 100 | _a রওশন,দন্ত্যস | ||
| 245 |
_aদিতান ও পল্টু / _c দন্ত্যস রওশন । |
||
| 260 |
_aঢাকা : _bকাকলী প্রকাশনী; _c2016. |
||
| 300 |
_a87 p. : _c22 cm. |
||
| 650 | _aBengali Short Stories. | ||
| 942 |
_2ddc _cBK |
||
| 999 |
_c13618 _d13618 |
||